000
00292nam a2200133 a 4500
008
101022s1971|||| d
245
1
0
_a
Jazveci
100
1
_a
Leonov, Leonid
044
_a
xo
_c
SK
041
_a
slo
260
_b
Pravda
_a
Bratislava
_c
1971
020
_c
24
250
_a
2.vydanie
999
_c
12075
_d
12075